logo

Bir Sreshtho Munshi Abdur Rouf Library
Jhenaidah Cadet College

ওরাকল ডেটাবেজ : (Record no. 12165)

MARC details
000 -LEADER
fixed length control field 01119nam a2200265 a 4500
001 - CONTROL NUMBER
JCCL Control Number 12165
003 - CONTROL NUMBER IDENTIFIER
JCCL marc code BD-JhCC
005 - DATE AND TIME OF LATEST TRANSACTION
control field 20210322121550.0
008 - FIXED-LENGTH DATA ELEMENTS--GENERAL INFORMATION
fixed length control field 210322s20152017bg a|||| |||| 000 0 ban d
020 ## - INTERNATIONAL STANDARD BOOK NUMBER
International Standard Book Number 9789848980880
035 ## - SYSTEM CONTROL NUMBER
system control number (BD-JhCC)12165
040 ## - CATALOGING SOURCE
Original cataloging agency BD-JhCC
Modifying agency BD-JhCC
041 ## - LANGUAGE CODE
Language code of Book ban
082 ## - DEWEY DECIMAL CLASSIFICATION NUMBER
Classification number 005.7585
Author mark and Year RAH 2017
100 ## - MAIN ENTRY--PERSONAL NAME
Personal name রহমান, মাহবুবুর
245 ## - TITLE STATEMENT
Title ওরাকল ডেটাবেজ :
Remainder of title অ্যাডমিনিস্ট্রেশন ও ডেভেলপার 10g, 11g, এবং 12c /
Statement of responsibility, etc মাহবুবুর রহমান, সাদ আব্দুল ওয়ালী এবং রাজিব আহমেদ
260 ## - PUBLICATION, DISTRIBUTION, ETC. (IMPRINT)
Place of publication, distribution, etc ঢাকা :
Name of publisher, distributor, etc সিসটেক পাবলিকেশন্স,
Date of publication, distribution, etc ২০১৭.
300 ## - PHYSICAL DESCRIPTION
Pagination ৫০৪ পৃ. :
Other physical details চিত্রাবলী,
Dimensions ২৪ সেমি.
650 ## - SUBJECT ADDED ENTRY--TOPICAL TERM
Topical term or geographic name as entry element Oracle (Computer file)
650 ## - SUBJECT ADDED ENTRY--TOPICAL TERM
Topical term or geographic name as entry element Database management
650 ## - SUBJECT ADDED ENTRY--TOPICAL TERM
Topical term or geographic name as entry element Relational databases
700 ## - ADDED ENTRY--PERSONAL NAME
Personal name ওয়ালী, সাদ আব্দুল
700 ## - ADDED ENTRY--PERSONAL NAME
Personal name আহমেদ, রাজিব
942 ## - ADDED ENTRY ELEMENTS (KOHA)
Source of classification or shelving scheme Dewey Decimal Classification
Koha item type Books
Holdings
Source of classification or shelving scheme Damaged status Not for loan Home library Current library Shelving location Date of accession Cost, normal purchase price Total Checkouts Full call number Barcode Date last seen Copy number Koha item type
Dewey Decimal Classification     JCC Rouf Library JCC Rouf Library General Stacks 03/22/2021 210.00   005.7585 RAH 2017 16087 03/22/2021 C-1 Books

JCC Library | Contacts | JCC Home

Last Update on 23 September 2017
Copyright @ 2017-2020 JCC Rouf Library
Rouf Library, Jhenidah Cadet College (JCC), Bangladesh